[Event "Andalucia-ch U08"]
[Site "Huelva"]
[Date "2014.04.25"]
[Round "2.6"]
[White "Oliva Jimenez, Jose"]
[Black "Troya Sierra, Alvaro"]
[Result "0-1"]
[WhiteElo "1121"]
[BlackElo "1036"]
[PlyCount "59"]
[EventDate "2014.04.25"]
[EventType "swiss"]
[EventRounds "9"]
[EventCountry "ESP"]
[SourceTitle "EXT 2024"]
[Source "ChessBase"]
[SourceDate "2023.10.10"]
[SourceVersion "1"]
[SourceVersionDate "2023.10.10"]
[SourceQuality "1"]

1. e4 e6 2. Bc4 Nc6 3. Nf3 Nf6 4. Nc3 Bb4 5. Na4 a6 6. 0-0 b5 7. Nb6 cxb6 8. Bd3 Qc7 9. Re1 Ng4 10. e5 d5 11. exd6 Bxd6 12. b3 0-0 13. Re4 e5 14. Rxg4 Bxg4 15. Be4 Rad8 16. h3 Bh5 17. d4 Nxd4 18. Bg5 Rc8 19. c3 Bxf3 20. Qd3 Be2 21. Qe3 Ne6 22. Bh4 Bh5 23. Qd3 Nf4 24. Bxh7+ Kh8 25. Qg3 f6 26. Re1 g5 27. Bxg5 fxg5 28. h4 gxh4 29. Qg5 Kxh7 30. Qxh5+ 0-1